[Event "10th LCC FIDE Open 2018"]
[Site "London"]
[Date "2018.12.12"]
[Round "4"]
[White "Gschnitzer, Adrian"]
[Black "Debashis, Das"]
[Result "1-0"]
[WhiteElo "2374"]
[BlackElo "2544"]
[Annotator "TA"]
[PlyCount "131"]
[EventDate "2018.12.09"]
[EventType "swiss"]
[EventCountry "ENG"]
[SourceTitle "playchess.com"]
[Source "ChessBase"]
[SourceQuality "1"]

{[%evp 17,131,-12,-16,-18,-11,-18,-5,-31,-35,-35,23,-8,20,18,22,2,118,113,119,118,123,121,128,129,189,181,244,214,271,119,123,122,110,106,464,281,277,272,271,262,271,266,272,272,272,272,273,212,212,212,231,225,260,231,231,230,235,214,223,140,130,0,216,216,211,0,0,0,238,229,243,196,198,183,211,205,206,197,233,235,259,254,280,289,283,290,259,265,5919,5899,29969,29970,29967,29971,29971,29972,29973,29974,29974,29975,29975,29976,29970,29974,29969,29969,29979,29980,29981,29981,29981,29982,29983,29984,29984,29985]} 1. e4 c5 2. Nf3 d6 3. d4 cxd4 4. Nxd4 Nf6 5. Nc3 a6 6. Bg5 Nbd7 7. f4 Qb6 8. Qd2 e5 {B94: Sicilian Najdorf: 6 Bg5 Nbd7} 9. Nb3 h6 {LiveBook: 3 Games} 10. fxe5 dxe5 {The position is equal.} 11. Be3 Qc7 12. Nd5 (12. a3 {keeps more tension.} b6 13. Bd3 Bb7 14. O-O Be7 15. Rad1) 12... Nxd5 13. exd5 {[#]} b6 $146 (13... Bd6 $15) ({Predecessor:} 13... Bd6 14. Be2 a5 15. a4 O-O 16. g4 {0-1 (27) Valsecchi,A (2457)-Laznicka,V (2657) Pardubice 2015}) 14. Be2 Bd6 15. O-O $36 {[%mdl 2048] White has good play.} Nc5 16. Kh1 h5 (16... Qe7 $11) 17. Bxc5 $1 $16 bxc5 18. Qg5 $1 {[%cal Rg5g7]} O-O 19. Nd2 f5 20. Nc4 Rf6 (20... a5 $16 21. Qxh5 Bd7) 21. Bd3 $1 $18 (21. Qxh5 $6 e4 $16) (21. Bxh5 $6 Rh6 $16) 21... Be7 (21... Bd7 {is a better defense.}) 22. Qxh5 e4 23. d6 (23. Bxe4 $1 $18 {And now d6 would win.} g6 24. d6 gxh5 25. Bd5+ (25. dxc7 fxe4 26. Rxf6 Bxf6 $14) 25... Kg7 26. dxc7) 23... Bxd6 $16 {[#]} 24. Bxe4 $1 {[%mdl 512]} Rh6 (24... fxe4 25. Rxf6) 25. Qe8+ Kh7 $2 {[%mdl 8192]} (25... Bf8 $16 26. Bd5+ Kh7) 26. Rxf5 Bxf5 27. Bxf5+ (27. Qxa8 Rxh2+ 28. Kg1 Rh5 $16) 27... g6 28. Qxa8 Rxh2+ 29. Kg1 gxf5 30. Qd5 {[%mdl 64] Double Attack} (30. Qxa6 $2 Qg7 $19) 30... Rh6 31. Qxf5+ Kg7 {White must now prevent ...Bh2+.} 32. Qg5+ Rg6 33. Qh5 $1 Qc6 {[%csl Gg6][%cal Rc6g2]} 34. Qe2 Rh6 {...Bh2+ is the strong threat.} 35. Ne5 Qd5 36. Qg4+ Kh7 37. Qf5+ Kg7 38. Qd7+ Kg8 39. Qd8+ (39. Qc8+ $16 Kh7 40. Qf5+ (40. Qd7+ Kg8 $18) 40... Kg8 41. Qg5+ Kh7 42. Nf3 (42. Qf5+ Kg8 $16) 42... Qxg5 43. Nxg5+ Kg6 44. Nf3) 39... Kg7 $2 {[#]} (39... Kh7 $11 {and Black stays safe.} 40. Qd7+ Kg8 41. Qg4+ Kh8) 40. Qg5+ $1 $18 Kh7 {[#]} 41. Qf5+ $2 ({White has to play} 41. Nf3 $1 $18 Qxg5 42. Nxg5+ Kg6 43. Nf3) 41... Kg7 $1 $11 42. Qg4+ $2 ({Not} 42. Qd7+ Kg8 $18) (42. Qg5+ $11 Kh7 43. Qf5+) 42... Kh7 $1 $18 43. Nf3 {Hoping for Ng5+.} c4 {aiming for ...Bc5+.} 44. Qe4+ {[%mdl 64] Deflection, Decoy} ({Resist} 44. Qd7+ $6 Kh8 $16) 44... Qxe4 45. Ng5+ {[%mdl 64] Double Attack} Kg7 {( -> ...Qe3+)} 46. Nxe4 {[%mdl 4096] Endgame KRB-KRN} Bf4 47. Kf2 Rb6 48. b3 cxb3 49. axb3 Rc6 50. Kf3 Bc7 51. c4 {[%cal Bc2c4,Bc4c5][%mdl 32]} Rb6 52. Nc5 Bd6 $2 (52... a5 53. Ke4 Rg6) 53. Rxa6 Bxc5 54. Rxb6 {[%mdl 64] Overworked Piece. White mates.} Bxb6 {KB-K3P} 55. b4 {[%cal Bb3b4,Bb4b5,Bb5b6,Bb6b7][%mdl 32]} Kf6 56. c5 Bc7 57. Ke4 ({Less strong is} 57. b5 Ke6 $16) 57... Ke6 58. g4 Bd8 59. b5 Be7 60. Kd4 Bf6+ 61. Kc4 Bg5 62. b6 Bf4 63. b7 Kd7 {[#]} 64. g5 $1 {[%cal Bg4g5,Bg5g6][%mdl 544]} Kc7 (64... Bxg5 65. b8=Q) 65. g6 Bh6 {[#]} 66. c6 $1 {[%mdl 512] Accuracy: White = 70%, Black = 43%.} 1-0

[Event "10th LCC FIDE Open 2018"]
[Site "London"]
[Date "2018.12.12"]
[Round "4"]
[White "Megalios, Konstantinos"]
[Black "Gumularz, Szymon"]
[Result "1/2-1/2"]
[WhiteElo "2365"]
[BlackElo "2462"]
[Annotator "TA"]
[PlyCount "24"]
[EventDate "2018.12.09"]
[EventType "swiss"]
[EventCountry "ENG"]
[SourceTitle "playchess.com"]
[Source "ChessBase"]
[SourceQuality "1"]

{[%evp 18,24,19,-1,13,10,9,0,10]} 1. e4 c5 2. Nf3 e6 3. c3 d5 4. exd5 exd5 5. d4 Nc6 6. Bb5 Bd6 7. O-O {[%cal Bh1f1,Bf1e1,Be1e3][%mdl 32]} Nge7 8. Re1 {B22: Sicilian: 2 c3} (8. dxc5 Bxc5 9. Nbd2 a6 10. Nb3 Bd6 11. Bxc6+ bxc6 12. Qd4 O-O 13. Bf4 Nf5 14. Qa4 Rb8 15. Rad1 Qc7 16. Bxd6 Nxd6 17. Qf4 {1-0 (40) Zhigalko,S (2653)-Ivanchuk,V (2728) Izmir 2016}) 8... O-O 9. dxc5 Bxc5 10. Be3 {LiveBook: 6 Games. The position is equal.} Bxe3 11. Rxe3 Bg4 12. Bd3 $146 ({Predecessor:} 12. Be2 Qb6 13. Qb3 Qxb3 14. axb3 Nf5 15. Rd3 Rfe8 16. Kf1 d4 17. Nbd2 dxc3 {½-½ (17) Koch,J (2498)-Degraeve,J (2595) Belfort 2002}) 12... Ng6 1/2-1/2

[Event "10th LCC FIDE Open 2018"]
[Site "London"]
[Date "2018.12.12"]
[Round "4"]
[White "Mihajlov, Sebastian"]
[Black "Hector, Jonny"]
[Result "1/2-1/2"]
[WhiteElo "2358"]
[BlackElo "2501"]
[Annotator "TA"]
[PlyCount "90"]
[EventDate "2018.12.09"]
[EventType "swiss"]
[EventCountry "ENG"]
[SourceTitle "playchess.com"]
[Source "ChessBase"]
[SourceQuality "1"]

{[%evp 25,90,8,16,-10,24,8,64,58,77,85,56,0,0,0,0,0,120,123,140,155,169,141,126,93,100,94,100,60,60,22,63,27,50,0,74,74,74,74,74,74,99,77,108,114,131,74,74,76,72,73,106,108,87,70,132,16,7,0,0,0,0,0,0,0,0,0,0]} 1. d4 d5 2. c4 c6 3. Nf3 Nf6 4. e3 Bf5 5. Nc3 e6 6. Nh4 Be4 7. f3 Bg6 8. Qb3 Qc7 9. Bd2 {D12: Slav Defence: 3 Nf3 Nf6 4 e3 Bf5} Be7 10. cxd5 (10. O-O-O dxc4 11. Bxc4 a6 12. Be2 Nbd7 13. Nxg6 hxg6 14. Kb1 c5 15. d5 exd5 16. Nxd5 Nxd5 17. Qxd5 {0-1 (31) Karjakin,S (2773)-Caruana,F (2822) Saint Louis 2018}) 10... cxd5 11. Nxg6 hxg6 12. O-O-O Nc6 13. Kb1 a6 {LiveBook: 34 Games} 14. g4 {[#]} Nd7 $146 ({Predecessor:} 14... O-O 15. g5 Ne8 16. h4 Nd6 {½-½ (50) Ramirez,A (2556)-Shankland,S (2507) Mesa 2010}) 15. f4 b5 (15... Nf6 $11) 16. f5 $1 $14 Nb6 ({Much worse is} 16... Rxh2 $6 17. Rxh2 Qxh2 18. fxe6 $16) 17. fxe6 fxe6 18. Ne2 (18. Qc2 $14) 18... g5 $11 19. Qd3 Rxh2 {[#]} 20. Nf4 $1 {[%mdl 512] Strongly threatening Qg6+.} gxf4 (20... Rxh1 $11 {remains equal.} 21. Qg6+ Kd7 22. Qxe6+ {[%mdl 64] Double Attack} Ke8 23. Qg6+ {[%mdl 64] Double Attack} Kd7 24. Qe6+ Ke8 25. Qg6+ {[%mdl 64] Double Attack} Kd7 26. Qe6+) 21. Rxh2 $16 fxe3 22. Rh8+ Kd7 23. Rxa8 Nxa8 24. Bxe3 Qg3 25. Qe2 Nb6 26. Bf2 Qf4 27. Re1 Qf6 28. a3 Nc4 29. Ka2 Qg6 (29... b4 $1 $11) 30. Qd1 Bg5 31. Bd3 Qf6 32. Bg1 Bf4 33. Rf1 Qh6 34. Qf3 $36 {[%mdl 2048] Keeping Black busy.} Bg5 35. Qf7+ ({White should play} 35. Bxc4 bxc4 36. Qg3) 35... Be7 36. Re1 {And now Rxe6 would win.} Nd8 37. Qf1 Bh4 38. Re2 Bf6 39. Qg2 Qf4 (39... Nd6 $14) 40. Bxc4 (40. b3 $16 Nxa3 41. Bf5 (41. Kxa3 Qc1+ 42. Ka2 Nc6 $15)) 40... bxc4 $11 {The position is equal.} 41. Be3 Qb8 42. g5 Bxd4 43. Bxd4 Qb3+ 44. Ka1 Qd1+ {[%mdl 64] [#] Double Attack} 45. Ka2 {Rd2 is the strong threat.} Qb3+ {Accuracy: White = 44%, Black = 37%.} 1/2-1/2

[Event "10th LCC FIDE Open 2018"]
[Site "London"]
[Date "2018.12.12"]
[Round "4"]
[White "Gullaksen, Eirik"]
[Black "Bezuidenhout, Roland"]
[Result "0-1"]
[WhiteElo "2349"]
[BlackElo "2145"]
[Annotator "TA"]
[PlyCount "192"]
[EventDate "2018.12.09"]
[EventType "swiss"]
[EventCountry "ENG"]
[SourceTitle "playchess.com"]
[Source "ChessBase"]
[SourceQuality "1"]

{[%evp 9,191,1,8,-20,12,11,12,9,14,15,30,31,33,5,5,15,10,8,16,13,11,12,34,24,58,49,64,55,65,0,49,34,56,56,51,52,56,43,54,33,202,187,180,185,308,309,301,46,25,60,197,79,86,37,30,35,28,38,31,43,42,19,85,85,85,85,95,93,87,83,91,81,89,80,85,87,86,81,78,51,79,79,76,76,84,54,60,0,0,0,0,0,0,0,0,0,0,0,0,0,0,0,0,0,0,0,0,0,0,0,0,0,0,0,0,-291,-277,-276,-265,-250,-234,-1964,-1600,-5081,-4610,-29982,-29984,-29983,-29947,-29949,-5790,-29963,-29960,-29959,-29962,-29954,-29964,-12812,-895,-29980,-29981,-29981,-29982,-29982,-29983,-29983,-29984,-29984,-29985,-29985,-29986,-29986,-29984,-29984,-29985,-29985,-29986,-29986,-29976,-12812,-1014,-29986,-29985,-29987,-29985,-29985,-29984,-29988,-29985,-29984,-29986,-29992,-29989,-29993,-29990,-29990,-29991,-29991,-29992,-29996,-29997,-29997,-29998,-29999]} 1. e4 e6 2. d4 d5 3. Bd3 Be7 4. Nc3 dxe4 (4... c5 5. dxc5 Nf6 6. exd5 exd5 7. Nf3 O-O 8. O-O Nbd7 9. Bf5 Nxc5 10. Bxc8 Rxc8 11. Be3 Nce4 12. Bd4 {½-½ (33) Jakovenko,D (2710)-Demidov,M (2521) Sochi 2017}) 5. Bxe4 Nf6 6. Bf3 {C10: French with 3 Nc3: Unusual Black 3rd moves and 3...dxe4} Nbd7 7. Nge2 c6 8. Bf4 {The position is equal.} Nd5 9. Bg3 N7f6 10. O-O O-O 11. Na4 $146 b5 12. Nc5 Qb6 13. Nd3 Bb7 14. a4 a5 15. c3 {[%cal Bc2c3,Bc3c4,Bc4c5][%mdl 32]} Rfd8 16. Qc2 Rac8 17. Rfd1 Ba6 18. Nec1 Nd7 19. Qb3 (19. Nb3 $14) 19... b4 20. c4 $36 {[%mdl 2048] White has the initiative.} N5f6 {With the idea ...c5.} 21. c5 $1 {[%cal Rc5b6]} Qa7 22. Qc2 Nd5 23. Nb3 Bxd3 24. Qxd3 e5 $2 (24... Bg5 $14) 25. Bxd5 $18 (25. dxe5 $6 Nf8 $16) 25... cxd5 26. Qb5 exd4 (26... Qc7 $142 27. Re1 (27. Nxa5 Rb8 $11) (27. Qxa5 Qxa5 28. Nxa5 exd4 $18) 27... h5 28. Bxe5 (28. Nxa5 Rb8 $11) (28. Qxa5 Qxa5 29. Nxa5 h4 $16) 28... Nxe5) 27. c6 Nc5 28. Qxa5 $2 ({Resist} 28. Nxa5 $6 Re8 $18) ({Don't take} 28. Nxd4 $6 Ne6 $18) (28. Nxc5 $18 Bxc5 29. c7) 28... Qxa5 $14 29. Nxa5 Ne6 {[#]} (29... Re8 $14) 30. Nb7 (30. c7 $1 $18 {[%cal Rc7d8][%mdl 512] and the rest is easy.} Rd7 (30... Nxc7 31. Nc6) 31. Nc6) 30... Rf8 $16 31. Rac1 Bg5 32. Nd6 Bxc1 33. Nxc8 Rxc8 34. Rxc1 $14 {[%mdl 4096] Endgame KRB-KRN} d3 35. Kf1 f5 {[#]} (35... d2 $11 {remains equal.} 36. Rd1 Rxc6) 36. Be5 $1 $16 {aiming for Ke1.} d2 37. Rd1 Rxc6 38. Rxd2 Ra6 39. Rxd5 {Rd6 is the strong threat.} Rxa4 40. Rb5 g6 41. Ke2 Kf7 42. Rb7+ Kg8 43. Bd6 b3 44. f3 Ra5 45. Ke3 Rd5 46. Bb4 Re5+ 47. Kf2 Nf4 {next ...Re2+ is good for Black.} 48. Bc3 ({White should try} 48. g3 $14 Nd3+ {[%mdl 64] Double Attack} 49. Kf1) 48... Re2+ $11 49. Kf1 {Hoping for Rb4.} Rc2 50. g3 Rc1+ 51. Kf2 Rc2+ 52. Ke3 Nd5+ 53. Kd4 Nxc3 54. bxc3 {KR-KR} b2 55. c4 Rxh2 56. c5 Rc2 57. Kd5 Kf8 58. c6 Ke8 59. Kd6 Rd2+ 60. Kc7 g5 61. Rb5 Rc2 62. Re5+ $2 {[%mdl 8192]} (62. Kd6 $11 {and White is okay.}) 62... Kf7 $19 63. Rxf5+ Ke6 64. Rb5 {[#]} h5 $1 {[%cal Rh5h4]} 65. Rb3 $2 (65. Kd8 Rd2+ 66. Kc8) 65... h4 66. gxh4 gxh4 67. Kb7 h3 68. c7 Kf5 69. c8=Q+ Rxc8 70. Kxc8 h2 71. Rxb2 h1=Q {KQ-KR} 72. Rb7 Ke6 73. Rb6+ Kd5 74. Kb7 Qxf3 75. Rc6 Qe4 76. Kb6 Qb4+ 77. Kc7 Qa5+ 78. Kb7 Qb5+ 79. Rb6 Qd7+ 80. Kb8 Qd8+ 81. Kb7 Kc5 82. Rc6+ Kb5 83. Rc7 Qd6 84. Kc8 Qe6+ 85. Kb7 Qe4+ {Black mates.} 86. Ka7 Qd4+ 87. Kb7 Qd5+ 88. Ka7 Qd6 89. Kb7 Qd8 90. Rc8 Qb6+ 91. Ka8 Ka6 {[%csl Ga6][%cal Rb6b7]} 92. Rc7 Qd4 93. Rc6+ Kb5 94. Rc7 Kb6 95. Rb7+ Ka6 96. Rb4 Qa7# {Accuracy: White = 58%, Black = 54%.} 0-1

[Event "10th LCC FIDE Open 2018"]
[Site "London"]
[Date "2018.12.12"]
[Round "4"]
[White "Bradbury, Neil H"]
[Black "Gormally, Daniel W"]
[Result "1/2-1/2"]
[WhiteElo "2336"]
[BlackElo "2478"]
[Annotator "TA"]
[PlyCount "70"]
[EventDate "2018.12.09"]
[EventType "swiss"]
[EventCountry "ENG"]
[SourceTitle "playchess.com"]
[Source "ChessBase"]
[SourceQuality "1"]

{[%evp 17,70,9,0,-6,0,-8,0,0,0,0,0,0,-9,-17,-20,-27,-30,-16,-24,-38,-28,-31,-23,-35,-25,-49,-39,-47,-60,-41,-66,-60,-61,-99,-92,-169,-156,-154,-168,-161,-161,-221,-239,-227,-206,-201,-201,-197,-201,-202,-200,-205,-167,-145,-130]} 1. d4 d5 2. c4 e6 3. Nc3 Nf6 4. Bg5 Be7 5. e3 h6 6. Bxf6 Bxf6 7. Qb3 dxc4 8. Bxc4 O-O 9. Nf3 c5 {[%cal Rc5d4] LiveBook: 6 Games. D55: Queen's Gambit Declined: 4 Bg5 Be7: Lines without ...h6 and 6...h6 7 Bxf6} 10. d5 exd5 $146 ({Predecessor:} 10... Bxc3+ 11. bxc3 exd5 12. Bxd5 Qc7 13. O-O Nc6 14. c4 Bd7 15. Rfd1 Rfe8 16. a3 Rac8 17. h3 {0-1 (59) Krivoshey,S (2495)-Kasimdzhanov,R (2668) Germany 2003}) 11. Bxd5 Nd7 {The position is equal.} 12. Rd1 Qe7 13. O-O Nb6 14. e4 Bg4 15. Rd3 Rac8 {[#] Hoping for ...c4.} 16. Qa3 c4 17. Qxe7 Bxe7 18. Rd2 Bxf3 19. gxf3 Bg5 $36 {[%mdl 2048] Black has the initiative.} 20. Rdd1 Rc7 21. Kg2 Bf6 22. Rfe1 Be5 23. f4 Bxf4 24. e5 Re8 25. Re4 g5 ({Stronger than} 25... Bxe5 26. f4 $16) 26. Rde1 (26. e6 $17 {was called for.} Kg7 27. h4) 26... Bd2 $19 {[#] Threatens to win with ...Bxc3.Black is clearly better.} 27. Rd1 Bxc3 $1 28. bxc3 Kg7 29. Rdd4 (29. Kg3 $142) 29... Rd8 30. e6 Nxd5 31. e7 Re8 ({Weaker is} 31... Rxe7 32. Rxe7 Nxe7 33. Rxd8 $16) 32. Rxd5 Rexe7 33. Rxe7 Rxe7 34. Rc5 Re4 35. Rc7 Rg4+ {Accuracy: White = 52%, Black = 73%.} 1/2-1/2

[Event "10th LCC FIDE Open 2018"]
[Site "London"]
[Date "2018.12.12"]
[Round "4"]
[White "Paterek, Michal"]
[Black "Hebden, Mark L"]
[Result "0-1"]
[WhiteElo "2328"]
[BlackElo "2425"]
[Annotator "TA"]
[PlyCount "114"]
[EventDate "2018.12.09"]
[EventType "swiss"]
[EventCountry "ENG"]
[SourceTitle "playchess.com"]
[Source "ChessBase"]
[SourceQuality "1"]

{[%evp 18,114,66,37,79,29,28,12,0,0,0,-65,-89,-111,-126,-137,-147,-257,-248,-346,-359,-383,-383,-374,-380,-325,-325,-393,-376,-383,-358,-361,-205,-247,-174,-162,-157,-197,-166,-205,-191,-268,-254,-242,-227,-285,-246,-293,-267,-265,-242,-287,-263,-289,-269,-258,-279,-283,-291,-298,-298,-298,-298,-283,-279,-260,-266,-227,-214,-197,0,0,0,-197,-188,-483,-556,-1664,-1345,-1227,-954,-1569,-1637,-1852,-1487,-29977,-29978,-29978,-29979,-29980,-29981,-29981,-29981,-29975,-29976,-29986,-29986,-29986,-29984]} 1. d4 Nf6 2. c4 g6 3. Nc3 Bg7 4. e4 d6 5. Nf3 O-O 6. Be2 e5 7. O-O Nc6 8. d5 Ne7 9. Bd2 Nh5 10. Rc1 {LiveBook: 16 Games. E97: King's Indian: Classical Main Line (6...e5 7 0-0 Nc6): 8 Be3 and 8 d5 Ne7, not 9 Ne1} (10. Re1 Nf4 11. Bxf4 exf4 12. Qd2 f5 13. Qxf4 fxe4 14. Qxe4 Nf5 15. Bd3 Bd7 16. Qe2 Nd4 17. Nxd4 Bxd4 {½-½ (57) Debashis,D (2522)-Amonatov,F (2608) Bhubaneswar 2018}) 10... Kh8 11. g3 f5 $146 {[%cal Bf7f5,Bf5f4][%mdl 32]} ({Predecessor:} 11... c5 12. Nh4 Nf6 13. f4 exf4 14. gxf4 Neg8 15. Nf3 Ng4 16. h3 N4h6 17. Kg2 Qd7 18. Rh1 {1-0 (87) Ioseliani,N (2475)-Voiska,M (2335) Hamburg 1990}) 12. Ng5 {White has an edge.} Nf6 13. f3 c6 14. Be3 ({White should play} 14. Be1 $11) 14... f4 $1 $15 {[%cal Rf4e3]} 15. Bf2 (15. gxf4 $6 exf4 16. Bd4 (16. Bxf4 Nfxd5 17. cxd5 Rxf4 $17) 16... Ne8 $11) 15... Bh6 $1 {[%cal Rh6g5]} 16. gxf4 Nh5 $1 {[%cal Rh5f4]} 17. c5 (17. Kh1 $17) 17... Nxf4 $19 18. cxd6 Qxd6 (18... Bxg5 19. dxe7 Qxe7 20. Rc2 $19) 19. h4 {White hopes to continue with Bg3.} Qf6 20. Bg3 Bxg5 21. hxg5 Qxg5 22. Kf2 cxd5 23. Nxd5 Nexd5 24. exd5 Bf5 (24... Bh3 $142 25. Rh1 Bg2) 25. Rc7 Rad8 26. Rh1 Rd7 27. d6 Qf6 28. Rxd7 Bxd7 29. Bc4 (29. Qd2 $142) 29... Bc6 30. Bxf4 exf4 (30... Qxf4 31. Bd5 $17) 31. Re1 Rd8 ({Don't do} 31... Qxb2+ 32. Re2 $19) ({Don't play} 31... Qh4+ 32. Kf1 $17) 32. Re6 Qh4+ ({But not} 32... Qxb2+ 33. Be2 $19) 33. Kg1 Qg3+ 34. Kf1 {Qd4+ would kill now.} Qxf3+ 35. Qxf3 Bxf3 {[%mdl 4096] Endgame KRB-KRB} 36. Bb5 {And now d7 would win.} Kg7 37. d7 {[#] Black must now prevent Re8.} Bc6 $1 {[%cal Rc6b5]} 38. Bxc6 bxc6 {KR-KR} 39. Re7+ {[#]} Kh6 $1 40. Ke2 {[#]} g5 $1 41. Kf3 Kg6 42. Ke4 h6 {[%cal Bh7h6,Bh6h5,Bh5h4,Bh4h3][%mdl 32]} 43. b4 Kh5 $2 (43... h5 $19 {...h4 is the strong threat.} 44. Re6+ Kf7) 44. Kf3 $11 Kg6 $2 (44... a6 $11) 45. Ke4 $1 $19 h5 46. a4 $2 (46. Re6+ Kf7 47. Rh6) 46... h4 47. a5 h3 48. Kf3 Kf5 49. Rf7+ Ke6 50. Rg7 Rxd7 51. Rxg5 Rh7 {Black mates.} 52. Rg6+ Kf5 53. Rg1 h2 54. Rh1 Rh3+ 55. Kg2 Kg4 56. a6 Rh8 57. Kf2 Rd8 {Accuracy: White = 51%, Black = 74%.} 0-1

[Event "10th LCC FIDE Open 2018"]
[Site "London"]
[Date "2018.12.12"]
[Round "4"]
[White "Fischer, Daniel"]
[Black "Eggleston, David J"]
[Result "1-0"]
[WhiteElo "2324"]
[BlackElo "2397"]
[Annotator "RC"]
[PlyCount "203"]
[EventDate "2018.12.09"]
[EventType "swiss"]
[EventCountry "ENG"]
[SourceTitle "playchess.com"]
[Source "ChessBase"]
[SourceQuality "1"]
[TimeControl "40/5400+30:1800+30"]

1. e4 {[%emt 0:00:00]} c5 {[%emt 0:00:21]} 2. Nf3 {[%emt 0:00:00]} d6 {[%emt 0:00:10]} 3. d4 {[%emt 0:00:00]} Nf6 {[%emt 0:00:03]} 4. Nc3 {[%emt 0:00:00]} cxd4 {[%emt 0:00:11]} 5. Nxd4 {[%emt 0:00:00]} a6 {[%emt 0:00:04]} 6. Bg5 {[%emt 0:00:10]} e6 {[%emt 0:00:16]} 7. f4 {[%emt 0:00:12]} Be7 {[%emt 0:00:55]} 8. Qf3 {[%emt 0:00:18]} Qc7 {[%emt 0:00:09]} 9. O-O-O {[%emt 0:00:53]} Nbd7 {[%emt 0:00:11]} 10. g4 {[%emt 0:00:33]} b5 {[%emt 0:00:18]} 11. Bxf6 {[%emt 0:00:24]} Nxf6 {[%emt 0:00:25]} 12. g5 {[%emt 0:00:11]} Nd7 {[%emt 0:00:05]} 13. f5 {[%emt 0:00:28]} O-O {[%emt 0:00:32]} 14. h4 {[%emt 0:00:21]} b4 {[%emt 0:01:20]} 15. Nce2 {[%emt 0:00:32]} Bb7 {[%emt 0:00:27]} 16. Kb1 {[%emt 0:00:21]} Nc5 {[%emt 0:17:38]} 17. Ng3 {[%emt 0:04:43]} d5 {[%emt 0:06:28]} 18. f6 {[%emt 0:06:27]} dxe4 {[%emt 0:00:25]} 19. Qg4 {[%emt 0:00:15]} Bd6 {[%emt 0:02:30]} 20. g6 {[%emt 0:03:27]} hxg6 {[%emt 0:12:12]} 21. h5 {[%emt 0:01:16]} Bxg3 {[%emt 0:08:09]} 22. hxg6 {[%emt 0:00:22]} Qf4 {[%emt 0:06:50]} 23. Qh5 {[%emt 0:00:58]} Qh6 {[%emt 0:03:34]} 24. fxg7 {[%emt 0:00:39]} Qxg7 {[%emt 0:09:31]} 25. gxf7+ {[%emt 0:02:42]} Rxf7 {[%emt 0:00:42]} 26. Qxc5 {[%emt 0:00:49]} Bf2 {[%emt 0:10:12]} 27. Bc4 {[%emt 0:29:39]} Rc8 {[%emt 0:01:36]} 28. Nxe6 {[%emt 0:05:51]} Bxc5 {[%emt 0:09:58]} 29. Nxg7 {[%emt 0:00:06]} Kxg7 {[%emt 0:00:15]} 30. Bxf7 {[%emt 0:00:17]} Bf2 {[%emt 0:02:54]} 31. Bd5 {[%emt 0:26:16]} Bxd5 {[%emt 0:00:06]} 32. Rxd5 {[%emt 0:00:04]} Re8 {[%emt 0:00:19]} 33. Rhh5 {[%emt 0:01:37]} e3 {[%emt 0:01:46]} 34. Rhe5 {[%emt 0:03:00]} Rh8 {[%emt 0:00:08]} 35. a3 {[%emt 0:01:13]} bxa3 {[%emt 0:00:44]} 36. bxa3 {[%emt 0:00:51]} Kf6 {[%emt 0:00:36]} 37. Re4 {[%emt 0:01:37]} Rh4 {[%emt 0:02:23]} 38. Rde5 {[%emt 0:01:16]} Rh1+ {[%emt 0:01:38]} 39. Ka2 {[%emt 0:02:30]} Re1 {[%emt 0:00:37]} 40. c4 {[%emt 0:02:01]} Rc1 {[%emt 0:01:11]} 41. c5 {[%emt 0:34:08]} a5 {[%emt 0:05:58]} 42. Kb3 {[%emt 0:00:00]} e2 {[%emt 0:04:13]} 43. Rxe2 {[%emt 0:00:00]} Bxc5 {[%emt 0:00:05]} 44. Rd5 {[%emt 0:00:00]} a4+ {[%emt 0:03:46]} 45. Kxa4 {[%emt 0:00:00]} Rc3 {[%emt 0:00:05]} 46. Ra2 {[%emt 0:00:00]} Ke6 {[%emt 0:00:06]} 47. Rdd2 {[%emt 0:00:00]} Bd6 {[%emt 0:00:55]} 48. Rdb2 {[%emt 0:00:00]} Kd7 {[%emt 0:01:37]} 49. Rb3 {[%emt 0:00:00]} Rc8 {[%emt 0:00:46]} 50. Kb5 {[%emt 0:00:00]} Rc5+ {[%emt 0:02:17]} 51. Ka6 {[%emt 0:00:00]} Kc8 {[%emt 0:03:33]} 52. Kb6 {[%emt 0:00:00]} Rc7 {[%emt 0:00:32]} 53. Rh3 {[%emt 0:00:43]} Bc5+ {[%emt 0:00:31]} 54. Kb5 {[%emt 0:00:12]} Bd4 {[%emt 0:00:45]} 55. a4 {[%emt 0:00:38]} Kb7 {[%emt 0:00:00]} 56. Rd3 {[%emt 0:00:34]} Ba7 {[%emt 0:02:33]} 57. Rad2 {[%emt 0:00:42]} Rc5+ {[%emt 0:00:17]} 58. Kb4 {[%emt 0:00:06]} Bb6 {[%emt 0:00:33]} 59. Rd7+ {[%emt 0:01:20]} Ka6 {[%emt 0:00:45]} 60. Re2 {[%emt 0:03:15]} Rc1 {[%emt 0:01:08]} 61. Re6 {[%emt 0:01:28]} Rb1+ {[%emt 0:00:54]} 62. Ka3 {[%emt 0:00:32]} Ra1+ {[%emt 0:05:47]} 63. Kb3 {[%emt 0:00:09]} Rb1+ {[%emt 0:00:21]} 64. Kc2 {[%emt 0:01:47]} Rb4 {[%emt 0:03:07]} 65. Kc3 {[%emt 0:01:48]} Rh4 {[%emt 0:00:16]} 66. Rdd6 {[%emt 0:00:35]} Rh3+ {[%emt 0:00:05]} 67. Rd3 {[%emt 0:00:36]} Rh5 {[%emt 0:00:31]} 68. Kb3 {[%emt 0:00:23]} Rg5 {[%emt 0:01:11]} 69. Re4 {[%emt 0:00:49]} Rh5 {[%emt 0:00:20]} 70. Re6 {[%emt 0:00:30]} Rg5 {[%emt 0:00:18]} 71. Ka3 {[%emt 0:00:34]} Ka7 {[%emt 0:00:39]} 72. Kb4 {[%emt 0:00:56]} Rg4+ {[%emt 0:00:25]} 73. Kb5 {[%emt 0:00:45]} Rg5+ {[%emt 0:00:04]} 74. Kc6 {[%emt 0:00:45]} Rc5+ {[%emt 0:00:08]} 75. Kd7 {[%emt 0:00:18]} Rc7+ {[%emt 0:01:18]} 76. Ke8 {[%emt 0:00:08]} Rc4 {[%emt 0:01:06]} 77. Rdd6 {[%emt 0:00:14]} Rc8+ {[%emt 0:02:27]} 78. Kf7 {[%emt 0:00:30]} Rc7+ {[%emt 0:00:27]} 79. Kg6 {[%emt 0:00:12]} Bg1 {[%emt 0:00:18]} 80. Rf6 {[%emt 0:00:40]} Bh2 {[%emt 0:01:13]} 81. Rc6 {[%emt 0:00:30]} Rd7 {[%emt 0:00:36]} 82. Rf7 {[%emt 0:00:46]} Rb7 {[%emt 0:00:22]} 83. Kf6 {[%emt 0:01:02]} Rxf7+ {[%emt 0:00:31]} 84. Kxf7 {[%emt 0:00:05]} Kb7 {[%emt 0:00:18]} 85. Rc4 {[%emt 0:00:18]} Bg3 {[%emt 0:00:51]} 86. Ke6 {[%emt 0:00:06]} Be1 {[%emt 0:00:11]} 87. Kd5 {[%emt 0:00:21]} Bf2 {[%emt 0:00:32]} 88. Rg4 {[%emt 0:00:14]} Ba7 {[%emt 0:00:49]} 89. Kc4 {[%emt 0:00:31]} Ka8 {[%emt 0:00:18]} 90. Kb5 {[%emt 0:00:09]} Bb8 {[%emt 0:00:16]} 91. a5 {[%emt 0:02:21]} Be5 {[%emt 0:00:25]} 92. Kb6 {[%emt 0:00:36]} Bb8 {[%emt 0:00:23]} 93. Ka6 {[%emt 0:00:43]} Be5 {[%emt 0:00:12]} 94. Rg8+ {[%emt 0:00:03]} Bb8 {[%emt 0:00:04]} 95. Kb5 {[%emt 0:00:11]} Kb7 {[%emt 0:00:21]} 96. a6+ {[%emt 0:00:23]} Ka8 {[%emt 0:00:33]} 97. Rh8 {[%emt 0:00:38]} Ka7 {[%emt 0:00:04]} 98. Rh7+ {[%emt 0:00:03]} Ka8 {[%emt 0:01:08]} 99. Kb6 {[%emt 0:00:14]} Bd6 {[%emt 0:01:37]} 100. a7 {[%emt 0:00:28]} Bf8 {[%emt 0:00:08]} 101. Rc7 {[%emt 0:00:51]} Bc5+ {[%emt 0:00:40]} 102. Ka6 {[%emt 0:00:08]} 1-0